LEADER 03124nam 2200685Ia 450 001 9910451610503321 005 20200520144314.0 010 $a94-012-0564-7 010 $a1-4356-4461-1 035 $a(CKB)1000000000488393 035 $a(EBL)556509 035 $a(OCoLC)714567268 035 $a(SSID)ssj0000257650 035 $a(PQKBManifestationID)12093501 035 $a(PQKBTitleCode)TC0000257650 035 $a(PQKBWorkID)10253595 035 $a(PQKB)11655062 035 $a(MiAaPQ)EBC556509 035 $a(Au-PeEL)EBL556509 035 $a(CaPaEBR)ebr10380597 035 $a(EXLCZ)991000000000488393 100 $a20080508d2007 uy 0 101 0 $aeng 135 $aurcn||||||||| 181 $ctxt 182 $cc 183 $acr 200 00$aTexts, tasks, and theories$b[electronic resource] /$fedited by Tobias Robert Klein, Ulrike Auga & Viola Pru?schenk 210 $aAmsterdam ;$aNew York $cRodopi$d2007 215 $a1 online resource (241 p.) 225 1 $aMatatu ;$vno. 35 225 1 $aVersions and subversions in African literatures ;$v3 225 1 $aHumboldt contributions ;$vv. 3 300 $aDescription based upon print version of record. 311 $a90-420-2374-0 320 $aIncludes bibliographical references. 327 $aTexts, Tasks, and Theories; CONTENTS; ACKNOWLEDGEMENTS AND NOTICE; INTRODUCTION; LANGUAGE, MODERNISM, AND MODERNITY; NEW READINGS IN AFRICAN LITERATURE AND POSTCOLONIAL THEORY; AFRICAN LITERATURE AND CONTEMPORARY SOCIETY: IDENTITY, DISSIDENCE, AND CULTURAL PRACTICE; NOTES ON CONTRIBUTORS AND EDITORS; NOTES FOR CONTRIBUTORS 330 $aAfrican literary theory has recently gained immensely from an emerging multitude of perspectives and scholarly approaches. This volume offers a welcome opportunity to assess trends in the twenty-first century's discourse on African literature: Twelve different articles treat such lively issues as modernity, nation, civil society, postcolonial theory, and feminism, relating these both to more recent short stories, poems, and novels and to a large variety of texts that have in one way or another acquired canonical status. The first section "Language, Modernity and Modernism" explores social and a 410 0$aMatatu ;$vno. 35. 410 0$aVersions and subversions in African literatures ;$v3. 410 0$aHumboldt contributions ;$vv. 3. 606 $aAfrican literature$xHistory and criticism 606 $aPostcolonialism in literature 606 $aLiterature, Modern$y20th century$xHistory and criticism 608 $aElectronic books. 615 0$aAfrican literature$xHistory and criticism. 615 0$aPostcolonialism in literature. 615 0$aLiterature, Modern$xHistory and criticism. 676 $a808 676 $a809.896 701 $aKlein$b Tobias Robert$0885869 701 $aAuga$b Ulrike$0885870 701 $aPru?schenk$b Viola$0885871 801 0$bMiAaPQ 801 1$bMiAaPQ 801 2$bMiAaPQ 906 $aBOOK 912 $a9910451610503321 996 $aTexts, tasks, and theories$91977979 997 $aUNINA LEADER 03547nam 22006371 450 001 9910786282303321 005 20230725035252.0 010 $a3-03813-378-7 035 $a(CKB)2670000000333621 035 $a(EBL)1872558 035 $a(SSID)ssj0001189680 035 $a(PQKBManifestationID)11644244 035 $a(PQKBTitleCode)TC0001189680 035 $a(PQKBWorkID)11175838 035 $a(PQKB)10238517 035 $a(SSID)ssj0000787348 035 $a(PQKBManifestationID)11443369 035 $a(PQKBTitleCode)TC0000787348 035 $a(PQKBWorkID)10832180 035 $a(PQKB)11392523 035 $a(MiAaPQ)EBC1872558 035 $a(Au-PeEL)EBL1872558 035 $a(CaPaEBR)ebr10778029 035 $a(OCoLC)897640726 035 $a(EXLCZ)992670000000333621 100 $a20121025d2010 uy 0 101 0 $aeng 135 $aur|n|---||||| 181 $ctxt 182 $cc 183 $acr 200 00$aDefects and diffusion, theory and simulation $ean annual retrospective II /$feditor, D.J. Fisher 210 1$aStafa-Zurich ;$aEnfield, NH :$cTrans Tech Publications,$d[2010] 210 4$dİ2010 215 $a1 online resource (194 p.) 225 1 $aDiffusion and defect data. Part A, Diffusion and defect forum,$x1012-0386 ;$vv. 307 300 $aDescription based upon print version of record. 311 $a3-03785-043-4 320 $aIncludes bibliographical references and indexes. 327 $aDefects and Diffusion, Theory & Simulation II; Table of Contents; Computational Fluid Dynamics (CFD) Based Simulated Study of Multi-Phase Fluid Flow; Role of Silicon in PM Processed Soft Magnetic Alloy; Voltage Switch of Nano-Size Zinc Oxide Ceramic Defected Barium; Self-Diffusion in Nano-ZnO; Localised Vibrational Mode in CuO:Sn (5 at%) Nanoparticles; A Brief Survey of the Literature on Silica Refractory Research and Development: The Case for Nanostructured Silica Obtained from Rice Husk Ash (RHA) 327 $aLocal Density Diffusivity (LDD-) Model for Boron Out-Diffusion of In Situ Boron-Doped Si0.75Ge0.25 Epitaxial Films Post Advanced Rapid Thermal Anneals with Carbon Co-ImplantGaAs Surface Composition Investigation during Al Thin Film Growth Using the CBE Method; Slow Positron Studies in Polymers; A Model and Simulated Analysis for Reliability and Failure in MEMS Fabrication; Abstracts; Keywords Index; Authors Index 330 $aThis second volume in a new series covering entirely general results in the fields of defects and diffusion includes 356 abstracts of papers which appeared between the end of 2009 and the end of 2010. As well as the abstracts, the volume includes original papers on theory/simulation, semiconductors and metals: ""Predicting Diffusion Coefficients from First Principles ..."" (Mantina, Chen & Liu), ""Gouge Assessment for Pipes ..."" (Meliani, Pluvinage & Capelle), ""Simulation of the Impact Behaviour of ... Hollow Sphere Structures"" (Ferrano, Speich, Rimkus, Merkel & O?chsner), ""Elastic-Plastic 410 0$aDiffusion and defect data.$nPt. A,$pDefect and diffusion forum ;$vv. 307.$x1012-0386 606 $aSemiconductors$xDefects 606 $aSemiconductors$xDiffusion 615 0$aSemiconductors$xDefects. 615 0$aSemiconductors$xDiffusion. 676 $a621.38152 701 $aFisher$b D. J$0727312 801 0$bMiAaPQ 801 1$bMiAaPQ 801 2$bMiAaPQ 906 $aBOOK 912 $a9910786282303321 996 $aDefects and diffusion, theory and simulation$93683596 997 $aUNINA